000 00819cam a22002771 4500
001 72628
003 BD-RjUL
005 20211209082305.0
008 170522s1954 nyuab b 001 0 eng d
035 _a(BD-RjUL)72846
040 _aDLC
_cDLC
_dBD-RjUL
_beng
041 _aeng
082 0 0 _223
_a551.5
_bTRI 1954
100 1 _aTrewartha, Glenn Thomas
_d1896-
_934009
245 1 3 _aAn introduction to climate /
_cGlenn T. Trewartha.
250 _a3rd ed.
260 _aNew York :
_bMcGraw-Hill,
_cc1954
300 _a402 p. :
_bill. ; ;
_c24 cm.
490 0 _aMcGraw-Hill series in geography
504 _aIncludes bibliographies and index.
650 0 _aClimatology.
_934010
650 0 _aWeather.
_934011
830 _aMcGraw-Hill series in geography
_9133689
942 _2ddc
_cBK
_02
999 _c72628
_d72628